Регионална библиотека "Любен Каравелов" - Русе

Сандански (Запис номер 189309)

MARC детайли
000 -Лидер
Контролно поле с фиксирана дължина 02030nam a2200373 c 4500
003 - Код на организацията, давaща контролен номер
Контролно поле BLK
005 - Дата и час на последна редакция
Контролно поле 20180422115637.0
008 - Елементи от данни с фиксирана дължина
fixed length control field 180411b bul|||||r ||||||| ||bul||
010 ## - Наследен системен номер
LC control number KNG00198338000
040 ## - Източник на каталожния запис
Идентификатор на билиотеката - собственик на записа BLK
041 ## - Код за език
Код за езика на текст/звукозапис или на отделно заглавие Български
Код за езика КДБФ Български
080 ## - УДК
Текстов определител УДК Хидротерапия (водотерапия). Балнеолечение. Курортотерапия - Лечение с бани, горещи бани, сауна, хладни бани, речно къпане, влажни фрикции, компреси, с "жива вода"(алкално активирана, с ph 9, 6;курорт
УДК код - определител по УДК 615.838
УДК определител
УДК - код + определител 615.838
100 1# - Редна дума - Автор
Автор Костадинов, Димитър
Авторска отговорност първи автор
Автор - информация (биография) Георгиев, Димитър Костадинов
R(LIN) 365184
139 ## - Редно поле
Редна дума Костадинов, Димитър и др.
Авторски знак Кос - К 86
245 10 - Сведения за заглавието
Заглавие Сандански
Подзаглавни данни Науч.-попул. очерк
Редно поле (дума) Димитър Костадинов; съавт. Георги Михайлов Калайджиев; съавт. Георги Папочиев; * Димитър Костадинов Георгиев.
257 ## - Страна на издаване
Страна на създаване/издаване България
260 ## - Област на издателските данни
-- София
Име на издателя, разпространителя и проч. Медицина и физкултура
Година на издаване 1983
300 ## - Физическа характеристика
Страници 63 с.
Илюстрации и др. с ил., табл.
Размери/Мащаб 17 см
380 ## - Жанр
Жанр Медицина
490 1# - СЕРИИ (Колекции)
Име на серия Наши курорти
500 ## - Общи забележки
Забележка Пълното име на първия авт. е Димитър Костадинов Георгиев. - 11 105 тир.
650 #4 - Допълнително описание по предмет – тема
Основно описание – тема или топоним Курорти, български
9 (RLIN) 273640
650 #4 - Допълнително описание по предмет – тема
Основно описание – тема или топоним Курортно лечение - терапия
9 (RLIN) 160014
650 #4 - Допълнително описание по предмет – тема
Основно описание – тема или топоним Сандански (курорт)
9 (RLIN) 342589
651 #4 - Допълнително описание по предмет - топоним
Географско понятие Сандански
9 (RLIN) 179480
700 1# - Други автори (авторска отговорност)
Лично име Калайджиев, Георги Михайлов
Автороска отговорност (Описва отношението между автора и произведението) съавт.
9 (RLIN) 375336
700 1# - Други автори (авторска отговорност)
Лично име Папочиев, Георги
Автороска отговорност (Описва отношението между автора и произведението) съавт.
9 (RLIN) 106650
700 1# - Други автори (авторска отговорност)
Лично име Георгиев, Димитър Костадинов
Автороска отговорност (Описва отношението между автора и произведението) *
9 (RLIN) 373144
852 ## - Местоположение
Форматна сигнатура Цб І 20940
856 4# - Електронен адрес и достъп
Електронен формат pdf - файл
Път до файла /url/
856 4# - Електронен адрес и достъп
Електронен формат pdf - файл
Път до файла /url/
942 ## - АРТИКУЛИ
Вид на библиотечния материал Книги
Скрит в OPAC Не
944 ## - СЪЗДАВАНЕ И РЕДАКЦИЯ на ЗАПИСА
Създаване/Редакция Създаване
Дата на регистрацията/редакция 16.12.2016
Служител, извършил регистрацията/редакцията Кети_Илиева
944 ## - СЪЗДАВАНЕ И РЕДАКЦИЯ на ЗАПИСА
Създаване/Редакция Редакция
Дата на регистрацията/редакция 16.12.2016
Служител, извършил регистрацията/редакцията Кети_Илиева
999 ## - СИСТЕМНИ КОНТРОЛНИ НОМЕРА
Koha biblionumber 189309
Koha biblioitemnumber 189309
Наличности
Код за отписване Код за изгубен артикул Източник на класификационната схема Код за повреда Коз за рестрикции Код за отдаване Артикулен № Име на библиотеката - собственик Име на библиотеката, в която се намира в момента Статус (Текущо местоположение) Дата на вписване в системата Местоположение - отдел Цена в лева Инвентарен номер Систематично азбучна сигнатура Баркод Номер на екземпляра Цена в евро Служебна бележка Служебен тип на артикула
  Не е изгубен Universal Decimal Classification Не е повреден без рестрикции ползва се в читалня 333083 Регионална библиотека "Любен Каравелов" Русе Регионална библиотека "Любен Каравелов" Русе Хранилище 1983-01-01 Хранилище 0.24 401325 Цб І 20940 120000401325 1 0.12 Вид: Сф Дата: 01.01.1983 Книги
Изтеглен Не е изгубен Universal Decimal Classification Не е повреден без рестрикции заемане за дома 333084 Регионална библиотека "Любен Каравелов" Русе Регионална библиотека "Любен Каравелов" Русе Заемна - подръчен фонд 1983-01-01 Заемна - подръчен фонд 0.24 402117 П 615.83/К 86 402117 2 0.12 Вид: Сф Дата: 01.01.1983 Книги
Изтеглен Не е изгубен Universal Decimal Classification Не е повреден без рестрикции заемане за дома 333085 Регионална библиотека "Любен Каравелов" Русе Регионална библиотека "Любен Каравелов" Русе Заемна - подръчен фонд 1983-01-01 Заемна - подръчен фонд 0.24 402118 П 615.83/К 86 402118 3 0.12 Вид: Сф Дата: 01.01.1983 Дата инв: 15.02.2018 Бележки инв: П2018 Книги
Изтеглен Не е изгубен Universal Decimal Classification Не е повреден без рестрикции заемане за дома 333086 Регионална библиотека "Любен Каравелов" Русе Регионална библиотека "Любен Каравелов" Русе Заемна - подръчен фонд 1983-01-01 Заемна - подръчен фонд 0.20 634343 П 615.83/К 86 634343 4 0.10 Вид: Сф Дата: 01.01.1983 Книги
Vip Innovations Ltd, Rousse, Bulgaria 2025